The sun also rises / (Record no. 127027)

MARC details
000 -LEADER
campo de control de longitud fija 01531nam a22002537a 4500
003 - IDENTIFICADOR DE NÚMERO DE CONTROL
campo de control BJBSDDR
005 - FECHA Y HORA DE LA ÚLTIMA TRANSACCIÓN
campo de control 20260508100445.0
007 - CAMPO FIJO DE DESCRIPCIÓN FÍSICA--INFORMACIÓN GENERAL
campo de control de longitud fija ta
008 - DATOS DE LONGITUD FIJA--INFORMACIÓN GENERAL
campo de control de longitud fija 260508s2016 nyu||||| |||| 00| 0 eng d
020 ## - NÚMERO INTERNACIONAL ESTÁNDAR DEL LIBRO
Número Internacional Estándar del Libro 9781501121968
020 ## - NÚMERO INTERNACIONAL ESTÁNDAR DEL LIBRO
Número Internacional Estándar del Libro 1501121960
040 ## - FUENTE DE CATALOGACIÓN
Lengua de catalogación spa
Centro/agencia transcriptor BJBSDDR
041 ## - CÓDIGO DE IDIOMA
Código de lengua del texto/banda sonora o título independiente eng
050 ## - SIGNATURA TOPOGRÁFICA DE LA BIBLIOTECA DEL CONGRESO
Número de ítem H488 2016
100 1# - ENTRADA PRINCIPAL--NOMBRE DE PERSONA
Nombre de persona Hemingway, Ernest,
Fechas asociadas al nombre 1899-1961
9 (RLIN) 15710
245 14 - MENCIÓN DEL TÍTULO
Título The sun also rises /
Mención de responsabilidad, etc. Ernest Hemingway, Patrick Hemingway, Seán Hemingway
260 ## - PUBLICACIÓN, DISTRIBUCIÓN, ETC.
Lugar de publicación, distribución, etc. New York :
Nombre del editor, distribuidor, etc. Scribner,
Fecha de publicación, distribución, etc. 2016
300 ## - DESCRIPCIÓN FÍSICA
Extensión xx, 290 pages :
Otras características físicas illustrations ;
Dimensiones 22 cm
520 ## - RESUMEN, ETC.
Sumario, etc. First published in 1926, The Sun Also Rises is a classic example of Hemingway's spare but powerful writing style. It celebrates the art and craft of Hemingway's quintessential story of the Lost Generation-- presented by the Hemingway family with illuminating supplementary material from the Hemingway Collection at the John F. Kennedy Library. The Hemingway Library Edition commemorates Hemingway's classic novel with a personal foreword by Patrick Hemingway, the author's sole surviving son, and an introduction by Sean Hemingway, grandson of the author. Hemingway considered the extensive rewriting that he did to shape his first novel the most difficult job of his life. Early drafts, deleted passages, and possible titles included in this new edition elucidate how the author achieved his first great literary masterpiece
700 1# - ENTRADA AGREGADA--NOMBRE PERSONAL
Nombre de persona Hemingway, Patrick
9 (RLIN) 48352
700 1# - ENTRADA AGREGADA--NOMBRE PERSONAL
Nombre de persona Hemingway, Seán
9 (RLIN) 48353
942 ## - ELEMENTOS DE ENTRADA SECUNDARIOS (KOHA)
Fuente del sistema de clasificación o colocación Clasificación de Library of Congress
Suprimir en OPAC No
Tipo de ítem Koha Libro
946 ## - PROCESAMIENTO DE INFORMACIÓN LOCAL (OCLC)
Iniciales del agente catalogador cmc
Holdings
Estatus retirado Estado de pérdida Fuente del sistema de clasificación o colocación Estado de daño No para préstamo Colección Biblioteca de origen Biblioteca actual Ubicación en estantería Fecha de adquisición Signatura topográfica completa Código de barras Visto por última vez Copia número Tipo de ítem Koha
    Clasificación de Library of Congress     Automatización y Procesos Técnicos Biblioteca Juan Bosch Biblioteca Juan Bosch Automatización y Procesos Técnicos (1er. Piso) 08/05/2026 H488 2016 00000199771 08/05/2026 1 Libro